Statistics for Barbie Girl - Aqua (All Lyrics)

Click here to take the quiz!

General Stats

  • This quiz has been taken 626 times
  • The average score is 328 of 401

Answer Stats

Lyrics % Correct
I
100%
Barbie,
100%
Barbie
100%
Ah
99%
a
99%
ah
99%
in,
98%
in.
98%
"I'm
98%
in
98%
girl
98%
I'm
98%
You
97%
you
97%
world.
96%
go
95%
can
94%
oh!
94%
oh
94%
me
94%
my
94%
Oh,
94%
it
93%
fantastic!
93%
'n
92%
let
92%
plastic,
92%
hair,
91%
it's
91%
Come
90%
let's
89%
party!
88%
on
88%
brush
87%
everywhere.
87%
life
87%
uh
87%
Life
87%
Uh
87%
Ken!
85%
your
83%
is
81%
Hi
80%
do
77%
Do
77%
undress
76%
creation.
75%
Imagination,
72%
ride?
68%
for
68%
wanna
68%
Sure,
65%
yeah!
64%
touch
62%
touch,
62%
play,
54%
yours."
54%
play;
54%
jump
53%
love
53%
Dress
53%
Jump
53%
the
53%
say
52%
always
52%
fantasy
50%
doll,
45%
blond
43%
if
41%
up,
41%
so
40%
there,
39%
rock
39%
roll,
38%
here,
37%
You're
36%
Make
34%
make
34%
fun!
31%
Kiss
30%
panky.
30%
hanky
30%
like
29%
dolly.
28%
walk,
27%
bimbo
27%
much
27%
please.
26%
knees.
26%
feel
26%
beg
25%
talk,
25%
just
25%
whatever
24%
star,
24%
us
24%
having
24%
pink.
23%
glamour
23%
again.
21%
we're
21%
Well,
20%
friend,
20%
act
18%
getting
18%
started.
18%
tight,
15%
around,
14%
town,
13%
Hit
13%
fool
13%

Score Distribution

Percentile by Number Answered

Percent of People with Each Score

Your Score History

You have not taken this quiz